The Americans : (Record no. 200468126)

MARC details
000 -LEADER
fixed length control field 03402cam a2200517 i 4500
001 - CONTROL NUMBER
control field 200468126
003 - CONTROL NUMBER IDENTIFIER
control field TR-AnTOB
005 - DATE AND TIME OF LATEST TRANSACTION
control field 20260415153155.0
007 - PHYSICAL DESCRIPTION FIXED FIELD--GENERAL INFORMATION
fixed length control field ta
008 - FIXED-LENGTH DATA ELEMENTS--GENERAL INFORMATION
fixed length control field 260415s1969 nyua b 001 0 eng
010 ## - LIBRARY OF CONGRESS CONTROL NUMBER
LC control number 69016082
015 ## - NATIONAL BIBLIOGRAPHY NUMBER
National bibliography number GB7020094
Source bnb
016 7# - NATIONAL BIBLIOGRAPHIC AGENCY CONTROL NUMBER
Record control number 0216300
Source DNLM
Record control number 001343137
Source Uk
024 7# - OTHER STANDARD IDENTIFIER
Standard number or code http://catalogue.bnf.fr/ark:/12148/cb35340848m
Source of number or code uri
035 ## - SYSTEM CONTROL NUMBER
System control number (CaAwUCM)12469-01ucs_ucm
System control number (OCoLC)00012469
Canceled/invalid control number (OCoLC)849911837
-- (OCoLC)975925419
-- (OCoLC)977272228
-- (OCoLC)989178822
-- (OCoLC)992079662
-- (OCoLC)1017269853
-- (OCoLC)1030060823
-- (OCoLC)1043972801
-- (OCoLC)1055427168
-- (OCoLC)1056260519
-- (OCoLC)1060752129
-- (OCoLC)1075377823
-- (OCoLC)1078863729
-- (OCoLC)1078975846
-- (OCoLC)1082097668
-- (OCoLC)1086755992
-- (OCoLC)1089870352
-- (OCoLC)1101264891
-- (OCoLC)1108955665
-- (OCoLC)1154393162
-- (OCoLC)1198208423
-- (OCoLC)1200991785
-- (OCoLC)1201004237
-- (OCoLC)1201613286
-- (OCoLC)1201628110
-- (OCoLC)1201635978
-- (OCoLC)1201874673
-- (OCoLC)1201941078
-- (OCoLC)1201978117
-- (OCoLC)1201983070
-- (OCoLC)1201986795
-- (OCoLC)1233226047
-- (OCoLC)1253684857
-- (OCoLC)1256460343
-- (OCoLC)1262066103
-- (OCoLC)1270599602
-- (OCoLC)1271077362
-- (OCoLC)1291453893
-- (OCoLC)1295782708
-- (OCoLC)1296025904
-- (OCoLC)1302657338
-- (OCoLC)1309548350
-- (OCoLC)1320832118
-- (OCoLC)1320836642
-- (OCoLC)1321761204
-- (OCoLC)1331615531
-- (OCoLC)1347319558
-- (OCoLC)1389644228
-- (OCoLC)1394091616
-- (OCoLC)1397774462
-- (OCoLC)1434403264
-- (OCoLC)1552994132
System control number (OCoLC)ocm00012469
System control number (EXLNZ-01UCS_NETWORK)9912328448206531
System control number (TR-AnTOB)200468126
040 ## - CATALOGING SOURCE
Original cataloging agency DLC
Language of cataloging eng
Description conventions rda
Transcribing agency DLC
Modifying agency UKM
-- OCLCQ
-- NLM
-- LVB
-- XTL
-- AU@
-- NIALS
-- CPE
-- MLN
-- T7B
-- UKMGB
-- OCLCF
-- JYJ
-- OCLCQ
-- OCL
-- OCLCQ
-- I8M
-- OCLCO
-- CNUTO
-- OCLCQ
-- MWB
-- MFM
-- OCLCO
-- OCLCA
-- YT6
-- X$@
-- U3G
-- OCLCQ
-- COH
-- OCLCO
-- OCLCQ
-- ZD0
-- OCLCO
-- Y4Z
-- OCLCO
-- OCL
-- J9U
-- OCLCO
-- OCLCL
-- OCLCQ
-- UAB
-- CNKUC
-- CLO
-- OCLCO
-- OCLCQ
-- TR-AnTOB
041 0# - LANGUAGE CODE
Language code of text/sound track or separate title İngilizce
043 ## - GEOGRAPHIC AREA CODE
Geographic area code n-us---
045 ## - TIME PERIOD OF CONTENT
Time period code t8x1
050 04 - LIBRARY OF CONGRESS CALL NUMBER
Classification number HN57
Item number .F876 1969
072 #7 - SUBJECT CATEGORY CODE
Subject category code ht
Source rero
Subject category code so
Source rero
Subject category code ga
Source SzZuIDS BS/BE
Subject category code wg
Source SzZuIDS BS/BE
090 ## - LOCALLY ASSIGNED LC-TYPE CALL NUMBER (OCLC); LOCAL CALL NUMBER (RLIN)
Classification number (OCLC) (R) ; Classification number, CALL (RLIN) (NR) HN57
Local cutter number (OCLC) ; Book number/undivided call number, CALL (RLIN) .F876 1969
100 1# - MAIN ENTRY--PERSONAL NAME
Personal name Furnas, J. C.
Fuller form of name (Joseph Chamberlain),
Dates associated with a name 1905-2001
Relator term author
Relator code aut
Authority record control number or standard number http://id.loc.gov/authorities/names/n50016780
9 (RLIN) 153681
245 14 - TITLE STATEMENT
Title The Americans :
Remainder of title a social history of the United States, 1587-1914 /
Statement of responsibility, etc. by J.C. Furnas.
264 #1 - PRODUCTION, PUBLICATION, DISTRIBUTION, MANUFACTURE, AND COPYRIGHT NOTICE
Place of production, publication, distribution, manufacture New York :
Name of producer, publisher, distributor, manufacturer G. P. Putnam's Sons,
Date of production, publication, distribution, manufacture, or copyright notice 1969.
300 ## - PHYSICAL DESCRIPTION
Extent 1015 pages :
Other physical details illustrations ;
Dimensions 24 cm
336 ## - CONTENT TYPE
Content type term text
Content type code txt
Source rdacontent
337 ## - MEDIA TYPE
Media type term unmediated
Media type code n
Source rdamedia
338 ## - CARRIER TYPE
Carrier type term volume
Carrier type code nc
Source rdacarrier
504 ## - BIBLIOGRAPHY, ETC. NOTE
Bibliography, etc. note Includes bibliographical references and index.
505 0# - FORMATTED CONTENTS NOTE
Formatted contents note The big water and the big woods : John Smith's America -- Outlandersland : William Penn's America -- At home abroad : William Byrd II's America -- Thirteen prosper : Benjamin Franklin's America -- The American, this new man : Oliver Evans' America -- Ideas and the almighty dollar : Abraham Lincoln's America -- A chromo civilization : Horatio Alger's America -- The midway age : Mr. Dooley's America.
520 ## - SUMMARY, ETC.
Summary, etc. Builds a sense of the character in an intimate view of American life.
651 #0 - SUBJECT ADDED ENTRY--GEOGRAPHIC NAME
Geographic name United States
General subdivision Social conditions
Authority record control number or standard number http://id.loc.gov/authorities/subjects/sh85140511
9 (RLIN) 133689
Geographic name United States
General subdivision History
Authority record control number or standard number http://id.loc.gov/authorities/subjects/sh85140130
9 (RLIN) 6238
942 ## - ADDED ENTRY ELEMENTS (KOHA)
Source of classification or shelving scheme Library of Congress Classification
Koha item type Book
Holdings
Withdrawn status Lost status Source of classification or shelving scheme Damaged status Not for loan Collection code Home library Current library Shelving location Date acquired Source of acquisition Total Checkouts Full call number Barcode Date last seen Copy number Date shelved Koha item type Public note
    Library of Congress Classification Kullanılmış / Used Ödünç Verilemez-Kurumiçi kullanım / Not for loan-For inhouse use Genel Koleksiyon Tıp Fakültesi Medikal Kütüphane Tıp Fakültesi Medikal Kütüphane Genel Koleksiyon / Main Collection 18/03/2026 Bağış / Donation   HN57 .F876 1969 TıpFaK TF03093 15/04/2026 1 15/04/2026 Book Donated by Prof. Dr. Şükrü Cin
Devinim Yazılım Eğitim Danışmanlık tarafından Koha'nın orjinal sürümü uyarlanarak geliştirilip kurulmuştur.